Social Identity / (Record no. 13793)
[ view plain ]
| 000 -LEADER | |
|---|---|
| fixed length control field | 01650cam a2200313 a 4500 |
| 001 - CONTROL NUMBER | |
| control field | 15074304 |
| 005 - DATE AND TIME OF LATEST TRANSACTION | |
| control field | 20090828072019.0 |
| 008 - FIXED-LENGTH DATA ELEMENTS--GENERAL INFORMATION | |
| fixed length control field | 071107s2008 enk |rb 001 0 eng |
| 010 ## - LIBRARY OF CONGRESS CONTROL NUMBER | |
| LC control number | 2007046151 |
| 020 ## - INTERNATIONAL STANDARD BOOK NUMBER | |
| International Standard Book Number | 9780415448499 (pbk.) |
| 035 ## - SYSTEM CONTROL NUMBER | |
| System control number | (OCoLC)181368794 |
| 035 ## - SYSTEM CONTROL NUMBER | |
| System control number | (OCoLC)ocn181368794 |
| 040 ## - CATALOGING SOURCE | |
| Original cataloging agency | DLC |
| Transcribing agency | DLC |
| Modifying agency | BAKER |
| -- | BTCTA |
| -- | YDXCP |
| -- | BWKUK |
| -- | BWK |
| -- | CDX |
| -- | BWX |
| -- | DLC |
| 050 00 - LIBRARY OF CONGRESS CALL NUMBER | |
| Classification number | HM753 |
| Item number | .J46 2008 |
| 082 00 - DEWEY DECIMAL CLASSIFICATION NUMBER | |
| Classification number | 305.01 |
| Edition number | 22 |
| Item number | JEN |
| 100 1# - MAIN ENTRY--PERSONAL NAME | |
| Personal name | Jenkins, Richard, |
| Dates associated with a name | 1952- |
| 9 (RLIN) | 13160 |
| 245 10 - TITLE STATEMENT | |
| Title | Social Identity / |
| Statement of responsibility, etc | Richard Jenkins. |
| 250 ## - EDITION STATEMENT | |
| Edition statement | 3rd ed. |
| 260 ## - PUBLICATION, DISTRIBUTION, ETC. (IMPRINT) | |
| Place of publication, distribution, etc | London ; |
| -- | New York : |
| Name of publisher, distributor, etc | Routledge, 2008 |
| Date of publication, distribution, etc | 2008. |
| 300 ## - PHYSICAL DESCRIPTION | |
| Extent | x, 246 p. ; |
| Dimensions | 21 cm. |
| 490 ## - Series Statement | |
| Series statement | Key Ideas |
| 504 ## - BIBLIOGRAPHY, ETC. NOTE | |
| Bibliography, etc | Includes bibliographical references (p. [207]-237) and index. |
| 505 0# - FORMATTED CONTENTS NOTE | |
| Formatted contents note | Identity matters -- Similarity and difference -- A sign of the times? -- Understanding identification -- Selfhood and mind -- Embodied selves -- Entering the human world -- Self-image and public image -- Groups and categories -- Beyond boundaries -- Symbolising belonging -- Predictability -- Institutionalising identification -- Organising identification -- Categorisation and consequences -- Identity and modernity revisited. |
| 650 #0 - SUBJECT ADDED ENTRY--TOPICAL TERM | |
| Topical term or geographic name as entry element | Group identity. |
| 9 (RLIN) | 13161 |
| 856 41 - ELECTRONIC LOCATION AND ACCESS | |
| Materials specified | Table of contents only |
| Uniform Resource Identifier | <a href="http://www.loc.gov/catdir/toc/ecip084/2007046151.html">http://www.loc.gov/catdir/toc/ecip084/2007046151.html</a> |
| 942 ## - ADDED ENTRY ELEMENTS (KOHA) | |
| Source of classification or shelving scheme | Dewey Decimal Classification |
| Item type | Book - Borrowing |
| Withdrawn status | Item status | Source of classification or shelving scheme | Damaged status | Not for loan | Vendor | Home library | Current library | Shelving location | Date acquired | Source of acquisition | Cost, normal purchase price | Serial Enumeration / chronology | Total Checkouts | Total Renewals | Full call number | Barcode | Date last seen | Date last borrowed | Koha item type |
|---|---|---|---|---|---|---|---|---|---|---|---|---|---|---|---|---|---|---|---|
| Dewey Decimal Classification | Baccah | Central Library | Central Library | First floor | 25/03/2010 | 176.00 | 9836 | 4 | 22 | 305.01 JEN | 000020361 | 15/07/2025 | 12/02/2019 | Book - Borrowing |